[Event "CSR-ch"]
[Site "Trnava"]
[Date "1980.??.??"]
[Round "1"]
[White "Tibensky, Robert"]
[Black "Pribyl, Josef"]
[Result "0-1"]
[WhiteElo "2200"]
[BlackElo "2390"]

1.d4 Nf6 2.c4 e6 3.g3 c5 4.d5 exd5 5.cxd5 b5 6.Bg2 Bb7 7.e4 d6 8.Ne2 Be7
9.O-O Nbd7 10.h3 O-O 11.g4 Ne8 12.Ng3 c4 13.Na3 a6 14.f4 Rc8 15.Nc2 Nc5 16.Be3 Bf6
17.Nd4 g6 18.Qd2 Bh4 19.Nde2 Qe7 20.Rad1 Nf6 21.e5 Nfd7 22.e6 fxe6 23.dxe6 Qxe6
24.Bxb7 Nxb7 25.f5 gxf5 26.Nxf5 Bf6 27.Nf4 Qe4 28.Nh5 Rce8 29.Bg5 Be5 30.Rde1 Qd3
31.Qg2 Nbc5 32.Kh1 c3 33.bxc3 Qxc3 34.Qd5+ Kh8 35.Re3 Qc4 36.Qf3 Qxa2 37.Rf2 Qc4
38.Kg2 b4 39.Ree2 b3 40.Bh6 Rf7 41.Bg7+ Rxg7 42.Nxd6 Bxd6 43.Rxe8+ Rg8 44.Rxg8+ Kxg8
45.Nf6+ Nxf6 46.Qxf6 Qe4+ 47.Kg1 Qe1+ 48.Kg2 Qe7 49.Qc3 Be5 50.Qe3 Bf6  0-1

[Event "AUT-ch"]
[Site "AUT"]
[Date "1981.??.??"]
[Round "6"]
[White "Hoelzl, Franz"]
[Black "Swoboda, Ernst"]
[Result "1-0"]
[WhiteElo "2375"]
[BlackElo "2200"]

1.d4 Nf6 2.c4 e6 3.g3 c5 4.d5 exd5 5.cxd5 b5 6.Bg2 Bb7 7.Nh3 d6 8.O-O g6
9.Na3 a6 10.b4 c4 11.Nc2 Bg7 12.a4 O-O 13.Bb2 Nbd7 14.e4 Re8 15.f3 Nb6 16.a5 Na4
17.Bd4 Nd7 18.Bxg7 Kxg7 19.Nf2 Qf6 20.Ng4 Qc3 21.Ra3 Qb2 22.Qd2 h5 23.Nge3 Rac8
24.g4 Rh8 25.gxh5 Rxh5 26.f4 Qf6 27.Ng4 Qh4 28.Qd4+ Kg8 29.Rg3 c3 30.Qa7 Rc7
31.e5 Qe7 32.e6 Nf8 33.Qd4 Nh7 34.f5 Rc4 35.Qe3  1-0

[Event "Brighton"]
[Site "Brighton"]
[Date "1981.??.??"]
[Round "9"]
[White "Conquest, Stuart"]
[Black "Sigurjonsson, Gudmundur"]
[Result "0-1"]
[WhiteElo "2210"]
[BlackElo "2440"]

1.d4 Nf6 2.c4 e6 3.g3 c5 4.d5 exd5 5.cxd5 d6 6.Nc3 g6 7.Bg2 Bg7 8.Nf3 O-O
9.O-O a6 10.a4 Nbd7 11.Nd2 Re8 12.e4 Rb8 13.Nc4 Ne5 14.Nxe5 Rxe5 15.f4 Re8
16.Kh1 b5 17.axb5 axb5 18.e5 b4 19.Na4 Bg4 20.Qb3 Nd7 21.Re1 dxe5 22.d6 Be6
23.Qc2 c4 24.Be3 Qc8 25.Rac1 Qa6 26.Nc5 Nxc5 27.Bxc5 exf4 28.gxf4 Qb5 29.Qf2 Bxb2
30.Rb1 Bc3 31.Rec1 Bf5 32.Rxc3 Bxb1 33.Rh3 c3 34.Qh4 h5  0-1

[Event "HUN-ch"]
[Site "Budapest"]
[Date "1981.??.??"]
[Round "?"]
[White "Csom, Istvan"]
[Black "Groszpeter, Attila"]
[Result "0-1"]
[WhiteElo "2500"]
[BlackElo "2435"]

1.d4 Nf6 2.c4 e6 3.g3 c5 4.d5 exd5 5.cxd5 b5 6.Bg2 d6 7.Nf3 g6 8.O-O Bg7
9.a4 b4 10.Nfd2 Ba6 11.Qc2 O-O 12.Nc4 Re8 13.Re1 Bxc4 14.Qxc4 a5 15.Bg5 h6
16.Bxf6 Qxf6 17.Ra2 Nd7 18.Nd2 Nb6 19.Qd3 Rac8 20.Qa6 Qd4 21.b3 c4 22.e3 cxb3
23.Nxb3 Qc3 24.Rb1 Nc4 25.Bf1 Nxe3 26.Rc1 Qxb3 27.Rxc8 Rxc8 28.Qxc8+ Kh7
29.Re2 Nxf1 30.Kxf1 Qxd5 31.Re7 b3 32.Qb7 Qc4+ 33.Kg2 b2 34.Re1 Qc1 35.Qe4 d5
36.Qb1 Qc4 37.Qd1 d4 38.Qb1 d3 39.Rd1 Qc6+ 40.Kg1 Qxa4 41.Qxd3 Qa1  0-1

[Event "HUN-ch"]
[Site "Budapest"]
[Date "1981.??.??"]
[Round "?"]
[White "Csom, Istvan"]
[Black "Pinter, Jozsef"]
[Result "1/2-1/2"]
[WhiteElo "2500"]
[BlackElo "2550"]

1.c4 Nf6 2.d4 e6 3.g3 c5 4.d5 exd5 5.cxd5 d6 6.Bg2 g6 7.Nf3 Bg7 8.O-O O-O
9.Nc3 a6 10.a4 Nbd7 11.Re1 Rb8 12.Bf4 Ne8 13.e4 b5 14.axb5 axb5 15.e5 dxe5
16.Nxe5 Nxe5 17.Bxe5 Bxe5 18.Rxe5 Nd6 19.Re1 Bf5  1/2-1/2

[Event "Caorle op"]
[Site "Caorle"]
[Date "1981.??.??"]
[Round "2"]
[White "Fabbri, Mario"]
[Black "Kuzmanovic, Nenad"]
[Result "1-0"]
[WhiteElo "2230"]
[BlackElo "2000"]

1.d4 Nf6 2.c4 e6 3.g3 c5 4.Nf3 cxd4 5.Nxd4 Nc6 6.Nxc6 bxc6 7.Bg2 d5 8.O-O Be7
9.Qa4 Bd7 10.Qc2 O-O 11.Nd2 e5 12.Nf3 Bd6 13.Rd1 Qb6 14.Be3 d4 15.Bg5 Ng4
16.e3 h6 17.exd4 exd4 18.Rxd4 Bc5 19.Rxd7 hxg5 20.Nxg5 Bxf2+ 21.Kh1 Nf6 22.Rd6 Be3
23.Rxc6 Qa5 24.Rxf6 Qxg5 25.Rf5 Qg6 26.Bxa8 Rxa8 27.Raf1 Rd8 28.Qe4 Bg5 29.Re5  1-0

[Event "Czestochowa"]
[Site "Czestochowa"]
[Date "1981.??.??"]
[Round "5"]
[White "Sygulski, Artur"]
[Black "Szymczak, Zbigniew"]
[Result "1-0"]
[WhiteElo "2200"]
[BlackElo "2395"]

1.d4 Nf6 2.c4 e6 3.g3 c5 4.Nf3 cxd4 5.Nxd4 d5 6.Nf3 Nc6 7.cxd5 Nxd5 8.Bg2 Be7
9.O-O O-O 10.Bd2 Bf6 11.Nc3 Nb6 12.Rc1 Nc4 13.b3 Nxd2 14.Nxd2 Bxc3 15.Rxc3 Qa5
16.Rc2 Rd8 17.Bxc6 bxc6 18.Nc4 Qc7 19.Qa1 c5 20.Qe5 Qe7 21.Ne3 Ba6 22.Rfc1 f6
23.Qb2 Rac8 24.Qa3 Qb7 25.f3 Qb5 26.Nc4 Rd4 27.Kf2 Rcd8 28.Qa5 Qc6 29.Ne3 Qb6
30.Rxc5 Rd2 31.Nc4 Bxc4 32.Rxc4 Rb2 33.Qxb6 axb6 34.Rc8 Rxc8 35.Rxc8+ Kf7
36.Rc7+ Kg6 37.Ra7 e5 38.h4 h5 39.Ra6 Kf5 40.Rxb6 Rxa2 41.Rb8 Rb2 42.b4 Kg6
43.b5 Kf5 44.b6 Kg6 45.Ke3 Kh7 46.Kd3 Kg6 47.Kc3 Rb1 48.e4 Rb5 49.f4 exf4
50.gxf4 Rb1 51.b7 Rc1+ 52.Kd2 Rb1 53.e5 Kf5 54.e6 Kxe6 55.Re8+ Kf5 56.b8=Q Rxb8
57.Rxb8  1-0

[Event "DDR-ch (Women)"]
[Site "Fuerstenwalde"]
[Date "1981.??.??"]
[Round "5"]
[White "Wolff, H."]
[Black "Nuenchert, Eveline"]
[Result "0-1"]
[WhiteElo "2000"]
[BlackElo "2080"]

1.d4 Nf6 2.c4 e6 3.g3 c5 4.Nf3 cxd4 5.Nxd4 Be7 6.Bg2 O-O 7.O-O a6 8.Bf4 d6
9.Nb3 Nc6 10.Nc3 e5 11.Bg5 Be6 12.Bxf6 Bxf6 13.Nd5 Rc8 14.Nxf6+ Qxf6 15.Nd2 Rfd8
16.e3 Qe7 17.Bd5 Rc7 18.Ne4 h6 19.Nc3 Na5 20.Bxe6 fxe6 21.Qa4 Nxc4 22.Qb4 d5
23.Qxe7 Rxe7 24.b3 Nb6 25.Rac1 Rc8 26.Ne2 Rec7 27.Rxc7 Rxc7 28.Rc1 Rxc1+
29.Nxc1 Kf7 30.Nd3 Nd7 31.Kf1 e4 32.Nb4 Ke7 33.Ke2 Ne5 34.Nc2 Nd3 35.Nd4 Nc1+
36.Kd2 Nxa2 37.Nc2 a5 38.h4 Nb4 39.Nxb4 axb4 40.Ke2 e5 41.f3 exf3+ 42.Kxf3 h5
43.g4 hxg4+ 44.Kxg4 Kf6 45.Kg3 Kf5 46.Kf3 b6  0-1

[Event "Buna-Turnier"]
[Site "Halle"]
[Date "1981.??.??"]
[Round "8"]
[White "Hausner, Ivan"]
[Black "Suetin, Alexey S"]
[Result "1/2-1/2"]
[WhiteElo "2435"]
[BlackElo "2445"]

1.d4 Nf6 2.c4 e6 3.g3 c5 4.d5 exd5 5.cxd5 d6 6.Nc3 g6 7.Bg2 Bg7 8.Nf3 O-O
9.O-O a6 10.a4 Nbd7 11.Bf4 Qe7 12.Qd2 Ng4 13.Rab1 Rb8 14.b4 cxb4 15.Rxb4 Nc5
16.Nd4 Bd7 17.a5 Rbd8 18.Rfb1 Ne5 19.Bg5 f6 20.Bh6 Bxh6 21.Qxh6 Nf7 22.Qd2 Kg7
23.Rxb7 Nxb7 24.Rxb7 Qe8 25.Nc6 Rc8 26.Qd3 Bxc6 27.dxc6 Rxc6 28.Bxc6 Qxc6
29.Rb6 Qc5 30.Rxa6 Rb8 31.Qe3 Qc4 32.Rb6 Ra8 33.Nb5 Rxa5 34.Nxd6 Ra1+ 35.Kg2 Qd5+
36.Ne4 Ng5 37.Rb4 Nxe4 38.Qxe4 Qxe4+ 39.Rxe4 Kf7 40.Rh4 h5 41.Rb4 Ra7 42.h4 Rc7
43.Kf3 Re7 44.e4 Rc7 45.Kf4 Ra7 46.f3 Rc7 47.Rb3 Rc1 48.Rb7+ Kf8 49.g4 hxg4
50.Kxg4  1/2-1/2

[Event "Hradec Kralove"]
[Site "Hradec Kralove"]
[Date "1981.??.??"]
[Round "2"]
[White "Hausner, Ivan"]
[Black "Stefanov, Parik"]
[Result "1/2-1/2"]
[WhiteElo "2435"]
[BlackElo "2420"]

1.d4 Nf6 2.c4 e6 3.g3 c5 4.d5 exd5 5.cxd5 d6 6.Nc3 g6 7.Bg2 Bg7 8.Nf3 O-O
9.O-O a6 10.a4 Nbd7 11.Bf4 Qc7 12.Qd2 Re8 13.Rfc1 Nb6 14.b4 Bf5 15.Qa2 Qd7
16.bxc5 dxc5 17.Ne5 Qd8 18.a5 Nc8 19.Nc4 Ne4 20.Bd2 Ncd6 21.Nb6 Rb8 22.Be1 Qe7
23.e3 Nb5 24.Bxe4 Bxc3 25.Bxc3 Bxe4 26.Qb2 Nxc3 27.Qxc3 Rbd8 28.Qxc5 Qf6
29.Ra4 Qf3 30.Rxe4 Qxe4 31.d6 Qd3 32.d7 Rxd7 33.Nxd7 Qxd7 34.h4 h5 35.Qb6 Re6
36.Qb4  1/2-1/2

[Event "Hradec Kralove"]
[Site "Hradec Kralove"]
[Date "1981.??.??"]
[Round "8"]
[White "Palatnik, Semon"]
[Black "Stefanov, Parik"]
[Result "1-0"]
[WhiteElo "2490"]
[BlackElo "2420"]

1.d4 Nf6 2.c4 e6 3.g3 c5 4.Nf3 cxd4 5.Nxd4 Bb4+ 6.Bd2 Bc5 7.Nb3 Be7 8.Nc3 Nc6
9.Bg2 O-O 10.Rc1 b6 11.Nd4 Bb7 12.O-O Rc8 13.Nxc6 Bxc6 14.e4 d6 15.Qe2 Qd7
16.g4 d5 17.exd5 exd5 18.g5 Ne4 19.Nxd5 Bxd5 20.cxd5 Nxd2 21.Qxd2 Qf5 22.Rxc8 Rxc8
23.d6 Bxg5 24.f4 Bf6 25.d7 Rd8 26.Re1 g6 27.Re8+ Kg7 28.Qd6 h5 29.Qf8+ Kh7
30.Qxf7+ Kh6 31.Qf8+ Kh7 32.Qf7+ Kh6 33.Qf8+ Kh7 34.Re7+ Bxe7 35.Qxe7+ Kh6
36.Qxd8 Qc5+ 37.Kf1 Qc1+ 38.Ke2 Qxb2+ 39.Kf3 Qc3+ 40.Ke4 Qc2+ 41.Ke5 Qf5+
42.Kd6 Qc5+ 43.Ke6 Qf5+ 44.Ke7 Kg7 45.Qh8+ Kxh8 46.d8=Q+ Kh7 47.Qd4 Qc2 48.Bh3 Qxh2
49.Kf7 Qxa2+ 50.Be6  1-0

[Event "BKL-Turnier"]
[Site "Leipzig"]
[Date "1981.??.??"]
[Round "4"]
[White "Heinig, Wolfram"]
[Black "Augustin, Josef"]
[Result "1-0"]
[WhiteElo "2365"]
[BlackElo "2375"]

1.d4 Nf6 2.c4 e6 3.g3 c5 4.Nf3 cxd4 5.Nxd4 a6 6.Bg2 Qc7 7.O-O Be7 8.b3 d6
9.Bb2 Bd7 10.Nc3 Nc6 11.Rc1 Ne5 12.Qd2 O-O 13.Rfd1 Rad8 14.h3 Qb8 15.a4 Rfe8
16.e4 Nc6 17.Ba3 Na5 18.Rb1 b6 19.Nc2 Bc6 20.Ne3 Bb7 21.b4 Nc6 22.b5 axb5
23.cxb5 Na5 24.Qd4 Qa7 25.Bb4 Rc8 26.Rdc1 e5 27.Qd3 Red8 28.Ncd5 Nxd5 29.Nxd5 Bf8
30.h4 Ba8 31.Bh3 Rxc1+ 32.Rxc1 Qb8 33.Qe3 Bxd5 34.exd5 g6 35.h5 f5 36.hxg6 hxg6
37.Bxa5 bxa5 38.Rc6 Bg7 39.g4 Rf8 40.gxf5 gxf5 41.Qg5  1-0

[Event "Ljubljana"]
[Site "Ljubljana"]
[Date "1981.??.??"]
[Round "10"]
[White "Petursson, Margeir"]
[Black "Forintos, Gyozo V"]
[Result "1-0"]
[WhiteElo "2460"]
[BlackElo "2460"]

1.d4 Nf6 2.c4 e6 3.g3 c5 4.Nf3 cxd4 5.Nxd4 Bb4+ 6.Bd2 Qb6 7.Bxb4 Qxb4+ 8.Nc3 Qxb2
9.Ndb5 Qb4 10.Nc7+ Kd8 11.Qd2 Ne4 12.Nxe6+ fxe6 13.Nxe4 Qxd2+ 14.Kxd2 b6
15.Bg2 Bb7 16.Rhd1 Na6 17.Ke3 Ke7 18.Bf3 Bxe4 19.Bxe4 Rab8 20.Rd4 h6 21.Rad1 Nc5
22.Bc2 Rhf8 23.h4 Rf6 24.f3 Rc8 25.g4 Rff8 26.Kf2 Rc7 27.h5 Nb7 28.Kg3 Rd8
29.Rf4 Nd6 30.Rfd4 Rxc4 31.R4d2 Nb7 32.Bg6 Nc5 33.Kf2 Rf8 34.Rg1 Kf6 35.Rg3 b5
36.Rd1 Ra4 37.Bb1 Ke5 38.e3 d5 39.f4+ Kd6 40.g5  1-0

[Event "Sokolsky mem"]
[Site "Minsk"]
[Date "1981.??.??"]
[Round "10"]
[White "Mochalov, Evgeny V"]
[Black "Dydyshko, Viacheslav"]
[Result "1-0"]
[WhiteElo "2430"]
[BlackElo "2445"]

1.d4 Nf6 2.c4 e6 3.g3 c5 4.Nf3 cxd4 5.Nxd4 Qa5+ 6.Nc3 Ne4 7.Bd2 Nxd2 8.Qxd2 a6
9.Bg2 Be7 10.O-O O-O 11.Rfd1 Qc7 12.Rac1 d6 13.b4 Nd7 14.Na4 Nb6 15.Nb2 Bd7
16.c5 dxc5 17.bxc5 Nd5 18.Nf5 Bf6 19.e4 Nc3 20.Rxc3 exf5 21.Qxd7 Qxd7 22.Rxd7 Bxc3
23.Na4 Ba5 24.exf5 Rfd8 25.Rxb7 Rd1+ 26.Bf1 Rc1 27.Kg2 Kf8 28.Nb6 Bxb6 29.cxb6 Rcc8
30.a4 Rab8 31.Rxb8 Rxb8 32.a5 Ke7 33.Bxa6 Kd6 34.Bc4 Kc5 35.Bxf7 Kb5 36.Bd5 Kxa5
37.b7 Kb6 38.Kf3 Kc5 39.Be4 Re8 40.Kf4 Kd6 41.f6 gxf6 42.Bxh7 Kc7 43.Be4 Re5
44.h4  1-0

[Event "Montreal zt"]
[Site "Montreal"]
[Date "1981.??.??"]
[Round "?"]
[White "Jauregui Andrade, Carlos"]
[Black "Spraggett, Kevin"]
[Result "0-1"]
[WhiteElo "2305"]
[BlackElo "2450"]

1.d4 Nf6 2.c4 e6 3.g3 c5 4.Nf3 cxd4 5.Nxd4 a6 6.Bg2 Qc7 7.Qa4 Nc6 8.Nxc6 bxc6
9.O-O Rb8 10.a3 h5 11.h3 c5 12.Nc3 Bd6 13.Rb1 Bb7 14.Bxb7 Qxb7 15.Bg5 Be5
16.Qc2 Qc6 17.Rfd1 Rb7 18.Rd3 O-O 19.Bxf6 Bxf6 20.Rbd1 Be5 21.e3 Rfb8 22.Rb1 h4
23.e4 hxg3 24.fxg3 Qc7 25.Kg2 g5 26.b3 Kg7 27.Nd1 Bd4 28.Rf3 Rh8 29.Ne3 d6
30.Rbf1 Rf8 31.Ng4 f6 32.Kh2 Qc6 33.Re1 Rbf7 34.Qd3 Rh8 35.Qc2 a5 36.a4 Rhf8
37.Qd3 Qd7 38.Qc2 Rb8 39.Kg2 Rb4 40.Rd3 Qb7 41.Rf3 Qb8 42.Rb1 Rfb7 43.Kh2 Qh8
44.Kg2 Qb8 45.h4 gxh4 46.Qd2 h3+ 47.Kxh3 Qh8+ 48.Kg2 Qh5 49.Nf2 Kg8 50.Rh1 Qg5
51.Qc2 Rg7 52.Nh3 Qg4 53.Nf2 Qg6 54.Rh4 Rb8 55.Rg4 Qh6 56.Rxg7+ Kxg7 57.Rf4 Bxf2
58.Qxf2 Rxb3 59.Qc2 Rb8 60.Qd1 Rb2+ 61.Rf2 Rxf2+ 62.Kxf2 Qh2+ 63.Kf3 Qh5+
64.g4 Qh3+ 65.Kf2 Qh2+ 66.Ke3 Qg3+ 67.Kd2 Qf2+ 68.Kc1 Qe3+ 69.Kc2 Qxe4+ 70.Kb3 d5  0-1

[Event "Montreal zt"]
[Site "Montreal"]
[Date "1981.??.??"]
[Round "?"]
[White "Taylor, Gordon"]
[Black "Nurmi, Peter"]
[Result "1/2-1/2"]
[WhiteElo "2250"]
[BlackElo "2320"]

1.d4 e6 2.c4 Nf6 3.g3 c5 4.Nf3 cxd4 5.Nxd4 Nc6 6.Bg2 Bc5 7.Nb3 Be7 8.Nc3 O-O
9.O-O d6 10.Nd4 Bd7 11.Ndb5 Qb8 12.Bg5 a6 13.Bxf6 gxf6 14.Nd4 Qa7 15.Nc2 Ne5
16.b3 Rac8 17.Ne4 Rfd8 18.a4 Bc6 19.Nd4 d5 20.cxd5 Bxd5 21.e3 f5 22.Qh5 fxe4
23.Qxe5 Qb8 24.Qh5 Bf6 25.f3 exf3 26.Rae1 Qe5 27.Qg4+ Qg5 28.Qxg5+ Bxg5 29.Bxf3 Rc3
30.Kf2 Bf6 31.Rd1 Bxf3 32.Nxf3 Rxb3 33.Rxd8+ Bxd8 34.Ne5 Bb6 35.Kg2 f5 36.e4 fxe4
37.Rf4 Bd4 38.Ng4 Bg7 39.Rxe4 Kf7 40.Rc4 Rb2+ 41.Kf3 h5 42.Nf2 Be5 43.Nd3 Rb3
44.Ke2 Bd6 45.Rd4 Ke7 46.Rh4 Ra3  1/2-1/2

[Event "Moscow-4teams"]
[Site "Moscow"]
[Date "1981.??.??"]
[Round "?"]
[White "Kochyev, Alexander"]
[Black "Tal, Mihail"]
[Result "0-1"]
[WhiteElo "2540"]
[BlackElo "2555"]

1.d4 Nf6 2.c4 e6 3.g3 c5 4.Nf3 cxd4 5.Nxd4 d5 6.Bg2 e5 7.Nb3 d4 8.e3 a5 9.exd4 a4
10.N3d2 exd4 11.O-O Be7 12.Na3 Nc6 13.Nf3 Be6 14.Bf4 O-O 15.Ng5 Bg4 16.Bf3 Bf5
17.Re1 Nd7 18.h4 h6 19.Ne4 Nde5 20.Bg2 Bb4 21.Rf1 d3 22.Rc1 Ng6 23.Bd2 Re8
24.Bxb4 Nxb4 25.Re1 d2 26.Qxd2 Nd3 27.Re3 Nxc1 28.Qxc1 Ne5 29.Nb5 Ng4 30.Re2 Bxe4
31.Bxe4 Nf6 32.Rd2 Qe7 33.Bf3 Rad8 34.Kg2 b6 35.Rxd8 Rxd8 36.Nc3 Rd4 37.b3 axb3
38.axb3 Qe5 39.Qc2 Qe1 40.Nb1 Nd7 41.Qb2 Rd3  0-1

[Event "Nis"]
[Site "Nis"]
[Date "1981.??.??"]
[Round "1"]
[White "Pavlovic, Dragan"]
[Black "Karlsson, Lars"]
[Result "1/2-1/2"]
[WhiteElo "2345"]
[BlackElo "2460"]

1.d4 Nf6 2.c4 e6 3.g3 c5 4.Nf3 cxd4 5.Nxd4 Qa5+ 6.Nd2 Nc6 7.Nb3 Qc7 8.e3 b6
9.Bg2 Bb7 10.O-O Ne5 11.Bxb7 Qxb7 12.Qe2 Be7 13.e4 d6 14.Nd4 O-O 15.b3 Rfe8
16.Bb2 Ned7 17.f4 e5 18.N4f3 exf4 19.gxf4 d5 20.cxd5 Bc5+ 21.Kh1 Qxd5 22.Qg2 Qb7
23.Ne5 g6 24.Nxd7 Nxd7 25.e5 Qxg2+ 26.Kxg2 Nf6 27.Nc4 Nd5 28.Rad1 Rad8 29.Kf3 Ne7
30.Nd6 Bxd6 31.exd6 Nf5 32.d7 Re6 33.Be5 Re7 34.Bf6 Rdxd7 35.Bxe7 Rxe7 36.Rfe1 Rc7
37.Rd3 h5 38.Red1 Kg7 39.Rd7 Rc3+ 40.R1d3 Rc2 41.Rxa7 Rxh2 42.Rdd7 Nh6 43.Kg3 Rc2
44.Rdc7 Rd2 45.Rd7 Rc2 46.Rd3 Nf5+ 47.Kh3 Rf2 48.Ra4 b5 49.Rb4 Rxa2 50.Rxb5 Rb2  1/2-1/2

[Event "URS-FL49"]
[Site "Volgodonsk"]
[Date "1981.??.??"]
[Round "16"]
[White "Timoshchenko, Gennadi A"]
[Black "Gurgenidze, Bukhuti"]
[Result "1/2-1/2"]
[WhiteElo "2505"]
[BlackElo "2490"]

1.d4 Nf6 2.c4 e6 3.g3 c5 4.Nf3 a6 5.Bg2 b5 6.d5 Bb7 7.Nh4 e5 8.O-O d6 9.a4 b4
10.b3 a5 11.e4 Nbd7 12.Bb2 g6 13.Nd2 Bh6 14.f4 Qe7 15.Qe2 O-O-O 16.Rf2 Rhf8
17.Raf1 Bg7 18.Bh3 Kb8 19.Bxd7 Nxd7 20.f5 Bf6 21.Ng2 Bc8 22.Bc1 Bg5 23.h4 Bxd2
24.Bxd2 f6 25.Ne3 Nb6 26.g4 Qg7 27.Rg2 g5 28.hxg5 fxg5 29.Rh2 Nd7 30.Rff2 Nf6
31.Nf1 Bd7 32.Ng3 Be8 33.Rh3 h6 34.Rfh2 Rh8 35.Rh1 Bf7 36.R3h2 Kc7 37.Be3 Kb6
38.Kf2 Rdg8 39.Kf3 Rh7 40.Kg2 Rgh8 41.Kf1  1/2-1/2

[Event "FRG-ch"]
[Site "Bad Neuenahr"]
[Date "1982.??.??"]
[Round "?"]
[White "Reefschlaeger, Helmut"]
[Black "Lau, Ralf"]
[Result "1/2-1/2"]
[WhiteElo "2405"]
[BlackElo "2415"]

1.d4 Nf6 2.c4 e6 3.g3 c5 4.Nf3 cxd4 5.Nxd4 Qc7 6.Nc3 a6 7.Qd3 d6 8.Bg2 Bd7
9.O-O Nc6 10.b3 Be7 11.Bb2 Rd8 12.Rac1  1/2-1/2

[Event "Baile Herculane zt"]
[Site "Baile Herculane"]
[Date "1982.??.??"]
[Round "8"]
[White "Csom, Istvan"]
[Black "Suba, Mihai"]
[Result "1/2-1/2"]
[WhiteElo "2505"]
[BlackElo "2500"]

1.d4 Nf6 2.c4 e6 3.g3 c5 4.d5 exd5 5.cxd5 d6 6.Bg2 g6 7.Nf3 Bg7 8.Nc3 O-O
9.O-O Na6 10.h3 Re8 11.Bf4 Nc7 12.a4 Ne4 13.Rc1 b5 14.Re1 Rb8 15.Nd2 g5 16.Ndxe4 gxf4
17.axb5 f5 18.Nd2 fxg3 19.fxg3 Qg5 20.Nf1 Nxb5 21.Qa4 Bd7 22.e3 Rb7 23.Nd1 Qe7
24.Qc2 Nc7 25.Qf2 Na6 26.Re2 Nb4 27.Rd2 Qe5 28.Nh2 Bh6 29.Nf3 Qf6 30.Nh4 Rf8
31.Bf1 Re8 32.Ng2 Re7 33.Nf4 Re5 34.Kh2 Ba4 35.Bc4 Bxd1 36.Rcxd1 Re8 37.Re2 Re4
38.Rc1 Qe5 39.Rc3 Kh8 40.Kg1 Rg7 41.Kh2 Bg5  1/2-1/2

[Event "Beersheba"]
[Site "Beersheba"]
[Date "1982.??.??"]
[Round "7"]
[White "Pasman, Michael"]
[Black "Stean, Michael"]
[Result "1/2-1/2"]
[WhiteElo "2310"]
[BlackElo "2505"]

1.d4 Nf6 2.c4 e6 3.g3 c5 4.Nf3 cxd4 5.Nxd4 Bb4+ 6.Bd2 Qb6 7.Bxb4 Qxb4+ 8.Nc3 Nc6
9.Nb5 O-O 10.e3 d5 11.a3 Qe7 12.cxd5 exd5 13.Bg2 Rd8 14.O-O Bg4 15.Qa4 a6
16.Nd4 Ne5 17.h3 Be6 18.Rfd1 Rac8 19.Rac1 Nc4  1/2-1/2

[Event "Elekes mem-B"]
[Site "Budapest"]
[Date "1982.??.??"]
[Round "?"]
[White "Riha, Vaclav"]
[Black "Schneider, Attila"]
[Result "1-0"]
[WhiteElo "2285"]
[BlackElo "2365"]

1.d4 Nf6 2.c4 e6 3.g3 c5 4.Nf3 cxd4 5.Nxd4 Bb4+ 6.Bd2 Qb6 7.Bxb4 Qxb4+ 8.Qd2 Qxc4
9.e4 Qc5 10.Nc3 Nc6 11.Ndb5 Ne5 12.Be2 a6 13.Nd6+ Ke7 14.Rd1 Ne8 15.Nxe8 Rxe8
16.b4 Qc7 17.f4 Nc6 18.O-O Qb6+ 19.Kh1 Qxb4 20.f5 Kd8 21.fxe6 fxe6 22.Rf7 Re7
23.Rf8+ Kc7 24.Rb1 Qd4 25.Qc2 b6 26.Bxa6 Bxa6 27.Rxa8 Kb7 28.Rxa6 Kxa6 29.Nb5 Qe3
30.Nd6 Qf3+ 31.Kg1 Qe3+ 32.Kg2 b5 33.Rxb5 Qf3+ 34.Kg1 Qe3+ 35.Kg2 Qf3+ 36.Kxf3 Nd4+
37.Ke3 Nxc2+ 38.Kd3 Ne1+ 39.Ke2 Nc2 40.Kd3 Ne1+ 41.Kc4 e5 42.Rb1 Re6 43.Kd5 Nc2
44.Kc5 Nd4 45.Rb6+ Ka7 46.Nb5+ Nxb5 47.Rxe6 dxe6 48.Kxb5  1-0

[Event "Elekes mem-B"]
[Site "Budapest"]
[Date "1982.??.??"]
[Round "?"]
[White "Riha, Vaclav"]
[Black "Tokaji, Nagy Gyorgy"]
[Result "1-0"]
[WhiteElo "2285"]
[BlackElo "2235"]

1.d4 Nf6 2.c4 e6 3.g3 c5 4.Nf3 cxd4 5.Nxd4 d5 6.Bg2 e5 7.Nb3 d4 8.f4 Bd6
9.O-O Nc6 10.fxe5 Bxe5 11.Bf4 O-O 12.Bxc6 Bxf4 13.Rxf4 bxc6 14.Qxd4 Qe7 15.Nc3 Bb7
16.Raf1 Nh5 17.Rf5 g6 18.Re5 Qd8 19.Qxd8 Raxd8 20.Na5 Ba8 21.c5 Ng7 22.Re7 Rb8
23.b3 f5 24.Rd1 Rf6 25.Rdd7 Ne6 26.Rd6  1-0

[Event "Elekes mem-B"]
[Site "Budapest"]
[Date "1982.??.??"]
[Round "?"]
[White "Riha, Vaclav"]
[Black "Vegh, Endre"]
[Result "1/2-1/2"]
[WhiteElo "2285"]
[BlackElo "2225"]

1.d4 Nf6 2.c4 e6 3.g3 c5 4.Nf3 cxd4 5.Nxd4 d5 6.Bg2 e5 7.Nb3 d4 8.O-O Nc6
9.e3 Bg4 10.Qe1 Be7 11.exd4 exd4 12.N1d2 O-O 13.Nf3 Re8 14.Ne5 Nxe5 15.Qxe5 d3
16.Bd2 Bb4 17.Qb5 Bxd2 18.Nxd2 Be2 19.Rfe1 Ng4 20.Bf3 Ne5 21.Bg2 Qd4 22.h3 h5
23.Rab1 h4 24.Qd5 Rad8 25.Qxd4 Rxd4 26.b3 hxg3  1/2-1/2

[Event "Elekes mem-B"]
[Site "Budapest"]
[Date "1982.??.??"]
[Round "?"]
[White "Riha, Vaclav"]
[Black "Hardicsay, Peter"]
[Result "0-1"]
[WhiteElo "2285"]
[BlackElo "2375"]

1.d4 Nf6 2.c4 e6 3.g3 c5 4.Nf3 cxd4 5.Nxd4 d5 6.Bg2 e5 7.Nb3 Bb4+ 8.Bd2 Bxd2+
9.Qxd2 d4 10.Qg5 O-O 11.Qxe5 Nc6 12.Bxc6 bxc6 13.Qxd4 Qe7 14.Nc3 Bh3 15.O-O-O a5
16.e4 a4 17.Qc5 Qc7 18.Nd4 Rfc8 19.Nf5 Bxf5 20.Qxf5 Ra5 21.Qf4 Qb6 22.a3 h5
23.Rhe1 Ng4 24.e5 Qxf2 25.Qxf2 Nxf2 26.Rd7 Ng4 27.e6 Ne5 28.exf7+ Kf8 29.Rd4 Nf3
30.Re8+ Rxe8 31.fxe8=Q+ Kxe8 32.Re4+ Kd7 33.h4 g5 34.Kc2 g4 35.Ne2 Rf5 36.Kc3 c5
37.Nf4 Nd4 38.Kd3 Nf3 39.Re3 Nxh4 40.gxh4 Rxf4 41.Re5 g3 42.Ke2 Rxh4 43.Kf3 Rg4
44.Kg2 h4 45.Rxc5 h3+ 46.Kxh3 g2 47.Rd5+ Kc6 48.Kxg4 g1=Q+ 49.Kf3 Qf1+ 50.Ke3 Qxc4
51.Rd3 Qc1+ 52.Rd2 Kc5 53.Kd3 Qc4+ 54.Ke3 Qb3+ 55.Ke4 Qc4+ 56.Ke3 Qc1 57.Kd3 Kd5
58.Re2 Qd1+ 59.Ke3 Kc4 60.Rf2 Qd3+ 61.Kf4 Kb3  0-1

[Event "Esbjerg-B"]
[Site "Esbjerg"]
[Date "1982.??.??"]
[Round "11"]
[White "Knudsen, Per"]
[Black "Berg, Klaus"]
[Result "1/2-1/2"]
[WhiteElo "2305"]
[BlackElo "2295"]

1.d4 Nf6 2.c4 e6 3.g3 c5 4.Nf3 cxd4 5.Nxd4 Qc7 6.Qd3 d5 7.Nb5 Qc6 8.Bg2 a6
9.N5a3 b5 10.Bd2 bxc4 11.Nxc4 Nbd7 12.b4 Rb8 13.Na5 Qb6 14.a3 Bd6 15.Nc3 Ne5
16.Qc2 Bd7 17.Rc1 O-O 18.O-O Rfc8 19.Qa2 Rc7 20.Rc2 Rbc8 21.Rfc1 Nfg4 22.Nd1 Ba4
23.Rxc7 Rxc7 24.Ne3 Nxf2 25.Kxf2 Ng4+ 26.Kf3 Nxh2+ 27.Kf2 Rxc1 28.Bxc1 Qc7
29.Qd2 Bxg3+ 30.Kg1 Qf4 31.Qc3 h6 32.Bb2 f6 33.Bc1 d4 34.Qc8+ Kh7 35.Qxe6 Qf2+
36.Kh1 Qe1+ 37.Nf1 Bc2 38.Be4+ Bxe4+ 39.Qxe4+ Kg8 40.Qe8+ Kh7  1/2-1/2

[Event "Gausdal Int"]
[Site "Gausdal"]
[Date "1982.??.??"]
[Round "3"]
[White "Odendahl, Steven M"]
[Black "Olafsson, Helgi"]
[Result "1/2-1/2"]
[WhiteElo "2395"]
[BlackElo "2430"]

1.d4 Nf6 2.c4 e6 3.g3 c5 4.Nf3 cxd4 5.Nxd4 d5 6.Bg2 e5 7.Nf3 d4 8.O-O Nc6
9.e3 Bc5 10.exd4 exd4 11.Re1+ Be6 12.Ne5 O-O 13.Nd3 Be7  1/2-1/2

[Event "Lloyds Bank op"]
[Site "London"]
[Date "1982.??.??"]
[Round "9"]
[White "Van der Vliet, Fred"]
[Black "Kosten, Anthony C"]
[Result "1/2-1/2"]
[WhiteElo "2390"]
[BlackElo "2340"]

1.d4 Nf6 2.c4 e6 3.g3 c5 4.Nf3 cxd4 5.Nxd4 d5 6.Bg2 e5 7.Nf3 d4 8.O-O Nc6
9.e3 Bc5 10.exd4 exd4 11.Nbd2 O-O 12.Nb3 Qb6 13.Bf4 Re8 14.Nxc5 Qxc5 15.Qb3 Nh5
16.Qb5 Qxb5 17.cxb5 Nxf4 18.gxf4 Nb4 19.Rfd1 d3 20.Ne5 Bf5 21.Bxb7 Rab8 22.Bc6 Red8
23.Rd2 Rbc8 24.f3 f6 25.Ng4 Nc2 26.Rad1 h5 27.Nf2 Nd4 28.Kf1 Nxc6 29.bxc6 Rxc6
30.Nxd3 Bxd3+ 31.Rxd3 Rxd3 32.Rxd3 Rc2 33.Kg1 Rxb2 34.Ra3 h4 35.h3 Rb7 36.f5 Rb5
37.Rxa7 Rxf5 38.Ra3 Kf7 39.Kg2 Rf4 40.Rb3 Rd4 41.Rb2 Ke6 42.a3 g5 43.Ra2 Ra4
44.Re2+ Kf5 45.Re3 Rc4 46.Re2 Kf4 47.Rb2 Rc3 48.a4 Ra3 49.Rb4+ Ke5 50.Rb5+ Kf4
51.Rb4+ Ke3 52.Re4+ Kd3 53.Re6 Ra2+ 54.Kg1 Rxa4 55.Rxf6 Rf4 56.Rg6 Rxf3 57.Rxg5 Rxh3
58.Kg2 Rg3+ 59.Rxg3+ hxg3  1/2-1/2

[Event "Luzern ol (Men)"]
[Site "Luzern"]
[Date "1982.??.??"]
[Round "2"]
[White "Santos, Antonio P"]
[Black "Ligterink, Gert"]
[Result "1-0"]
[WhiteElo "2295"]
[BlackElo "2465"]

1.d4 Nf6 2.c4 e6 3.g3 c5 4.Nf3 cxd4 5.Nxd4 Bb4+ 6.Nc3 O-O 7.Bg2 d5 8.cxd5 Nxd5
9.Bd2 Nxc3 10.bxc3 Bc5 11.Nb3 Bb6 12.O-O Nc6 13.Qc2 e5 14.e3 Bg4 15.Rfe1 Qd7
16.c4 Rac8 17.Qb2 Bh3 18.Bh1 f5 19.c5 Bc7 20.Bc3 Qe7 21.Rad1 e4 22.Nd4 Ne5
23.Qxb7 Nd3 24.Rxd3 exd3 25.Bd5+ Kh8 26.Ne6 Rfe8 27.Nxg7 Be5 28.Nxe8 Rxe8
29.Qb2 Bxc3 30.Qxc3+ Qe5 31.Qxe5+ Rxe5 32.Bc4 d2 33.Rd1 Rxc5 34.Be2 Rc2 35.a4 f4
36.exf4 Bd7 37.a5 Ba4 38.Kg2 Ra2 39.Rg1 Bc6+ 40.Bf3 Bb5 41.Rb1 a6 42.g4 Rxa5
43.Rb2 Ra4 44.Rxd2 Rxf4 45.Rd8+ Kg7 46.Rb8 Rf8 47.Rxf8 Kxf8 48.Kg3 a5 49.Kf4 a4
50.Bd5 a3 51.Ke5 Bd7 52.h3 Ke7 53.g5 Bxh3 54.f4 Bg2 55.Ba2 h5 56.f5 Be4 57.Kxe4  1-0

[Event "Luzern ol (Men)"]
[Site "Luzern"]
[Date "1982.??.??"]
[Round "12"]
[White "Birnboim, Nathan"]
[Black "Bronstein, Luis"]
[Result "1-0"]
[WhiteElo "2445"]
[BlackElo "2395"]

1.d4 Nf6 2.c4 e6 3.g3 c5 4.d5 exd5 5.cxd5 d6 6.Nc3 g6 7.Bg2 Bg7 8.Nf3 O-O
9.O-O a6 10.a4 Nbd7 11.Nd2 Rb8 12.Nc4 Ne8 13.Qb3 Ne5 14.Nb6 Bf5 15.a5 Nc7
16.h3 g5 17.Bd2 g4 18.hxg4 Nxg4 19.Qa4 h5 20.Bf3 Bd4 21.e3 Bg7 22.Kg2 Qg5
23.Rh1 Rbd8 24.Rad1 Bg6 25.e4 Qe7 26.Rde1 Rfe8 27.Bxg4 hxg4 28.Qd1 Nb5 29.Qxg4 Qe5
30.Nxb5 axb5 31.Bc3 Qe7 32.Bxg7 Kxg7 33.f4 Qf6 34.f5 Qxb2+ 35.Re2 Qe5 36.fxg6 fxg6
37.Qf4 Qxf4 38.gxf4 Rf8 39.Kg3  1-0